Chemical Conveyor - Statistics

General Stats
  • This quiz has been taken 14 times
    13 since last reset
  • The average score is 10 of 11
Answers on the Map
Answers color-coded by a green-red scale on the quiz's map according to % correct below.
 
Answer Stats
Answer % Correct
Helium
100%
Bromine
90%
Carbon
90%
Flourine
90%
Gold
90%
Hydrogen
90%
Lithium
90%
Mercury
90%
Nitrogen
90%
Uranium
90%
Oxygen
80%
No matching quizzes found
Score Distribution
Percent of People with Each Score
Percentile by Number Answered
Your Score History
You have not taken this quiz since the last reset